Uj adóhivatalok

Správa o zriadení daňových úradov aj v Snine a v Stropkove v roku 1910.

Podrobná bibliografia
Médium: Článok
Jazyk:Hungarian
Témy:
Zdroj: 1. Felső-Zemplén : Társadalmi hetilap 1. Roč. 15, č. 29 (24.07.1910) s. 2
LEADER 00804nab#a2200301#ar4500
001 000076980
003 SVKKK
005 20060717xxxxxxx.
008 06 c xo huno
FMT
038 |a SVKKK 
040 |a SVKKK  |b slo  |e AACR2 
041 0 |a hun 
044 |a xo  |c SK 
080 |a 336.2 
242 1 0 |a Nové daňové úrady 
245 0 0 |a Uj adóhivatalok 
520 2 |a Správa o zriadení daňových úradov aj v Snine a v Stropkove v roku 1910. 
650 0 4 |a úrady daňové (zriadenie) - Snina (HN) - Stropkov (SK) - júl 1910 - správy 
773 0 |t Felső-Zemplén : Társadalmi hetilap  |g Roč. 15, č. 29 (24.07.1910) s. 2 
957 |a Snina 
957 |a Stropkov 
958 |a DG 
958 |a SK 
974 |a Ba  |d 20060717 
992 |a RBX 
BAS
998 |a RETRO